| 000 | 00363nam a2200145Ia 4500 | ||
|---|---|---|---|
| 008 | 150201s2003 xx 000 0 und d | ||
| 082 |
_a616.0707 _bC2003N |
||
| 100 | _aNEVILLE,S.N. | ||
| 245 | _aCOLOUR ATLAS OF CLINICAL ORAL PATHOLOGY | ||
| 250 | _a2ND | ||
| 260 |
_bB.C.DECKER _aTORONTO _c2003 |
||
| 300 | _a1-488 | ||
| 650 | _aORAL PATHOLOGY | ||
| 942 |
_2ddc _cBK |
||
| 999 |
_c3526 _d3526 |
||